000 00636nam a2200229Ia 4500
003 OSt
005 20221007080800.0
006 a|||||r|||| 00| 0
007 ta
008 221006b |||||||| |||| 00| 0 eng d
024 _a27,811
037 _cReports / Technical Reports
040 _aFLL
_cFLL
_beng
041 _2eng
_aeng
082 _aZ73L1941, L4
100 _aBishop Joseph W.
_9695500
245 0 _aJustice under fire
260 _aNew York
_bCharterhouse
_c1974
300 _axvi,315p
_ccm.
942 _hZ73L1941, L4
_cREP
_2CC
999 _c1160876
_d1160876